| 000 | 00390nam a2200157Ia 4500 | ||
|---|---|---|---|
| 008 | 230917s9999||||xx |||||||||||||| ||und|| | ||
| 040 |
_e71727 _aMAIN |
||
| 041 | _aEnglish | ||
| 082 | _a005.1 J219I | ||
| 100 | _aJalote, Pankaj | ||
| 245 | 0 | _aIntegrated approach to software engineering | |
| 250 | _a2nd ed. | ||
| 260 |
_aNew Delhi _bNarosa _c2001 |
||
| 300 | _axiv, 497 p. | ||
| 942 | _cBK | ||
| 999 |
_c93355 _d93355 |
||